000 02414nam a2200325Ka 4500
001 000007698
003 OCoLC
005 20200929154251.0
008 090907s1990 sp ac 001 0 spa d
020 _z8401612755
020 _a9788401612756
020 _a8401612756
035 _a(OCoLC)436000165
040 _aDO-SdBNP
_bspa
_cBNPHU
082 _aR972
_bC951a
245 0 0 _aCrónica de América /
_cdirección Guillem Burrel i Floria ; redacción Xavier Sanmartí Roset ; prólogo Manuel Lucena Salmoral.
260 _aEsplugues de Llobregat, [Barcelona] :
_bQuinto centenario
_bPlaza & Janés Editores,
_c1990.
300 _a763 p. :
_bil ;
_c30 cm.
500 _aIncluye apéndices de gobernadores y presidentes de los países de América
500 _aIncluye índice
505 2 _aCrónica del año 3.900 al 1301 a de C - La consolidación de las culturas americanas del 3000 a de C al 300 d de C - Crónica de año 1300 a de C al 299 de C - Del esplendor a la ruina de las civilizaciones americanas del 300 d de C al 1525 - Crónica del año 300 d de C al 1490 - El ciclo colombino del 1492 al 1506 - Crónica del año 1490 al 1509 - Los grandes descubrimientos y conquistas del 1506 al 1550 - Crónica del año 1510 al 1549 - La configuración de la América hispanoportuguesa del 1550 al 1600 - Crónica del año 1550 al 1599 - El siglo XVII o la proliferación de colonizaciones europeas del 1600 al 1699 - Crónica del año 1600 al 1699 - América en el siglo de la ilustración del 1700 al 1808 - Crónica del año 1700 al 1807 - Las nuevas repúblicas, dos modelos de desarrollo del 1808 al 1850 - Crónica del año 1808 al 1824 - Crónica del año 1825 al 1849 - América Latina en la división internacional del trabajo del 1850 al 1929 - Crónica del año 1850 al 1879 - Crónica del año 1880 al 1928 - Desarrollo y dependencia del 1929 al 1959 - Crónica del año 1929 al 1959 - Desarrollo e independencia desde 1960 - Crónica del año 1960 al 1989 - Gobernadores - Presidentes - Biografías - Índice.
651 4 _aAmérica
_xHistoria
_xCronología
_921351
651 4 _aAmérica
_xHistoriografía
_xCronología
_921352
700 1 _aBurrel i Florida, Guillem
_921353
700 1 _aSanmartí Roset , Xavier
_921354
700 1 _aLucena Salmoral, Manuel
_epról.
_918070
910 _aValidado. Control de calidad BNPHU
994 _aC0
_bBNPHU
999 9 9 _a1
_n0000354
_c7477
_d7477
049 _aBNPD
_c1[002031]